[Event "Chess.com Bullet Open 2"]
[Site "chess.com INT"]
[Date "2020.12.19"]
[Round "17"]
[White "Atanasov, Anthony"]
[Black "Holt, C."]
[Result "1/2-1/2"]
[WhiteElo "2144"]
[BlackElo "2549"]
[PlyCount "99"]
[EventDate "2020.12.19"]
[EventType "swiss (blitz)"]
[EventRounds "21"]
[EventCountry "NET"]
[Source "Mark Crowther"]
[SourceDate "2020.12.21"]

1. d4 d5 2. Nf3 Nf6 3. Bf4 c5 4. e3 Nc6 5. Nbd2 Bf5 6. c3 e6 7. Qb3 Qc8 8. Ne5
Be7 9. Nxc6 bxc6 10. dxc5 Bxc5 11. Qa4 O-O 12. Nb3 Bb6 13. Ba6 Qd7 14. Nd4 Bxd4
15. exd4 Nh5 16. Be3 Rab8 17. Qa3 Rb6 18. Be2 Nf6 19. O-O Rfb8 20. Bf4 Re8 21.
b3 h6 22. c4 Bg4 23. Bd3 dxc4 24. Bxc4 Qxd4 25. Be3 Qe5 26. Bxb6 axb6 27. Rae1
Qg5 28. b4 b5 29. Be2 e5 30. Qg3 Bxe2 31. Qxg5 hxg5 32. Rxe2 g4 33. Rfe1 e4 34.
f3 gxf3 35. gxf3 Kh7 36. fxe4 Re5 37. h4 Kg6 38. Rg2+ Kh6 39. Rg5 Re6 40. e5
Nd7 41. Rf5 f6 42. Rd1 Nxe5 43. Rf2 Kg6 44. Rg2+ Kf7 45. Re2 g6 46. Kf2 Ke7 47.
Rde1 Kf7 48. Rd1 Ng4+ 49. Kf3 Ne5+ 50. Kf2 1/2-1/2

[Event "Titled Tuesday 2020.12.15"]
[Site "chess.com INT"]
[Date "2020.12.15"]
[Round "1"]
[White "Erdogdu, Mert"]
[Black "Atanasov, Anthony"]
[Result "1-0"]
[WhiteElo "2396"]
[BlackElo "2144"]
[PlyCount "45"]
[EventDate "2020.12.15"]
[EventType "swiss (blitz)"]
[EventRounds "11"]
[EventCountry "NET"]
[Source "Mark Crowther"]
[SourceDate "2020.12.21"]

1. e4 c5 2. Nf3 d6 3. d4 cxd4 4. Nxd4 Nf6 5. Nc3 a6 6. Be3 e6 7. f3 b5 8. Qd2
Nbd7 9. O-O-O Bb7 10. g4 h6 11. h4 b4 12. Nce2 d5 13. Bh3 dxe4 14. g5 exf3 15.
Nf4 Ne4 16. Qh2 hxg5 17. Nfxe6 fxe6 18. Nxe6 Qa5 19. Nc7+ Kf7 20. Rxd7+ Be7 21.
Be6+ Kf8 22. Nxa8 Bc8 23. Qb8 1-0

[Event "Titled Tuesday 2020.12.15"]
[Site "chess.com INT"]
[Date "2020.12.15"]
[Round "2"]
[White "Atanasov, Anthony"]
[Black "Vasli, A."]
[Result "1-0"]
[WhiteElo "2144"]
[BlackElo "2384"]
[PlyCount "125"]
[EventDate "2020.12.15"]
[EventType "swiss (blitz)"]
[EventRounds "11"]
[EventCountry "NET"]
[Source "Mark Crowther"]
[SourceDate "2020.12.21"]

1. d4 Nf6 2. Bf4 g6 3. e3 Bg7 4. Nf3 O-O 5. Be2 d6 6. O-O Nc6 7. c4 Nd7 8. h3
e5 9. Bh2 exd4 10. exd4 Nf6 11. Nc3 Re8 12. c5 Bf5 13. cxd6 cxd6 14. Nb5 Ne4
15. Bd3 Qb6 16. Bxe4 Qxb5 17. Bxf5 Qxf5 18. Bxd6 Rad8 19. Bg3 Nxd4 20. Nxd4
Bxd4 21. Qb3 Bb6 22. Rad1 h5 23. Rxd8 Rxd8 24. Rd1 Re8 25. a4 Re2 26. Qc3 Bxf2+
27. Kh1 Bb6 28. Bc7 Bxc7 29. Qxc7 Qe4 30. Rd8+ Kg7 31. Qc3+ Qe5 32. Qxe5+ Rxe5
33. Rd7 Ra5 34. Rxb7 Rxa4 35. Kh2 Ra6 36. b4 Rb6 37. Rxa7 Rxb4 38. Ra6 h4 39.
Ra5 f6 40. Ra7+ Kh6 41. Ra6 f5 42. Ra5 Kg5 43. Ra6 Rc4 44. Ra3 Kf4 45. Rf3+ Ke4
46. Rf1 Rc3 47. Re1+ Re3 48. Rf1 g5 49. Ra1 g4 50. Ra4+ Ke5 51. hxg4 Re4 52.
Ra5+ Kf4 53. gxf5 Re5 54. Rxe5 Kxe5 55. Kh3 Kxf5 56. Kxh4 Kf6 57. Kg4 Kg6 58.
g3 Kh6 59. Kf5 Kh7 60. Kf6 Kh8 61. g4 Kg8 62. Kg6 Kf8 63. Kh7 1-0

[Event "Titled Tuesday 2020.12.15"]
[Site "chess.com INT"]
[Date "2020.12.15"]
[Round "4"]
[White "Atanasov, Anthony"]
[Black "Mcconnell, Sullivan"]
[Result "1-0"]
[WhiteElo "2144"]
[BlackElo "1895"]
[PlyCount "105"]
[EventDate "2020.12.15"]
[EventType "swiss (blitz)"]
[EventRounds "11"]
[EventCountry "NET"]
[Source "Mark Crowther"]
[SourceDate "2020.12.21"]

1. d4 Nf6 2. Bf4 e6 3. e3 b6 4. Nf3 Bb7 5. Nbd2 Be7 6. Bd3 d5 7. Ne5 Ne4 8.
Nxe4 dxe4 9. Bb5+ c6 10. Bc4 Nd7 11. Qg4 Nxe5 12. Bxe5 Bf6 13. Qxe4 Qe7 14.
Bxf6 gxf6 15. O-O-O O-O-O 16. Qf4 h5 17. Rd3 h4 18. Ra3 a5 19. Rb3 b5 20. Bxb5
cxb5 21. Rc3+ Kd7 22. Rc7+ Ke8 23. Rxe7+ Kxe7 24. Qc7+ Rd7 25. Qc5+ Rd6 26.
Qxb5 Bxg2 27. Rg1 h3 28. Qc5 Kd7 29. Qa7+ Ke8 30. Qb8+ Rd8 31. Qb5+ Ke7 32.
Qxa5 Rc8 33. Qa7+ Ke8 34. Qa4+ Ke7 35. Qa3+ Kd7 36. b3 Ra8 37. Qb2 Rh5 38. c4
Rha5 39. a4 Rf5 40. f4 Rg8 41. b4 Ra8 42. a5 Rg8 43. b5 Kc7 44. c5 e5 45. d5
exf4 46. e4 Re5 47. b6+ Kb7 48. c6+ Ka8 49. a6 Rxe4 50. c7 Rc4+ 51. Kd2 f3 52.
b7+ Ka7 53. b8=Q+ 1-0

[Event "Titled Tuesday 2020.12.15"]
[Site "chess.com INT"]
[Date "2020.12.15"]
[Round "5"]
[White "Spyropoulos, Nikolaos"]
[Black "Atanasov, Anthony"]
[Result "1-0"]
[WhiteElo "2425"]
[BlackElo "2144"]
[PlyCount "113"]
[EventDate "2020.12.15"]
[EventType "swiss (blitz)"]
[EventRounds "11"]
[EventCountry "NET"]
[Source "Mark Crowther"]
[SourceDate "2020.12.21"]

1. d4 e5 2. dxe5 Nc6 3. Nf3 Qe7 4. Nc3 Nxe5 5. e3 Nf6 6. Be2 d6 7. b3 Nxf3+ 8.
Bxf3 g6 9. Bb2 Bg7 10. Nd5 Qd8 11. Qd4 Nh5 12. Qe4+ Kf8 13. O-O-O Bf5 14. Qb4
Bxb2+ 15. Kxb2 c6 16. Nc3 Nf6 17. Rxd6 Qe7 18. Rhd1 Ne8 19. Qd4 f6 20. Rd8 Rxd8
21. Qxd8 Qxd8 22. Rxd8 Ke7 23. Rb8 b6 24. Bxc6 Rf8 25. Rxe8+ Rxe8 26. Bxe8 Kxe8
27. Kc1 Bc8 28. Kd2 Bb7 29. e4 Ke7 30. Ke3 Ke6 31. Kd4 f5 32. f3 fxe4 33. Nxe4
Bc6 34. c4 h6 35. b4 a6 36. a3 Be8 37. Nc3 Bc6 38. Nd5 b5 39. Nc7+ Kd6 40. Nxa6
bxc4 41. Kxc4 h5 42. Nc5 h4 43. b5 Bd5+ 44. Kd4 h3 45. gxh3 Bxf3 46. a4 Kc7 47.
a5 Bg2 48. b6+ Kc6 49. b7 Kc7 50. a6 Kb8 51. Nd7+ Kc7 52. b8=Q+ Kxd7 53. a7 g5
54. a8=Q g4 55. Qxg2 gxh3 56. Qg7+ Ke6 57. Qbe5# 1-0

[Event "Titled Tuesday 2020.12.15"]
[Site "chess.com INT"]
[Date "2020.12.15"]
[Round "6"]
[White "Bouget, Alexandre"]
[Black "Atanasov, Anthony"]
[Result "0-1"]
[WhiteElo "2247"]
[BlackElo "2144"]
[PlyCount "56"]
[EventDate "2020.12.15"]
[EventType "swiss (blitz)"]
[EventRounds "11"]
[EventCountry "NET"]
[Source "Mark Crowther"]
[SourceDate "2020.12.21"]

1. d4 e5 2. dxe5 Nc6 3. Nf3 Qe7 4. Bf4 Qb4+ 5. Nc3 Qxf4 6. Nd5 Qe4 7. Nxc7+ Kd8
8. Nxa8 Qb4+ 9. Nd2 Qxb2 10. Rb1 Qxe5 11. e3 b6 12. Be2 Bb7 13. Nxb6 axb6 14.
Rxb6 Kc7 15. Qb1 Nd8 16. Rb5 Qc3 17. Rb3 Qa5 18. Qb2 Nf6 19. Rc3+ Kb8 20. a3
Bd6 21. O-O Be5 22. Nb1 Ne4 23. f4 Bxc3 24. Qb3 Qc5 25. Rf3 Nd2 26. Nxc3 Nxf3+
27. Bxf3 Qxe3+ 28. Kh1 Qe1# 0-1

[Event "Titled Tuesday 2020.12.15"]
[Site "chess.com INT"]
[Date "2020.12.15"]
[Round "7"]
[White "Atanasov, Anthony"]
[Black "Shirazi, K."]
[Result "0-1"]
[WhiteElo "2144"]
[BlackElo "2349"]
[PlyCount "72"]
[EventDate "2020.12.15"]
[EventType "swiss (blitz)"]
[EventRounds "11"]
[EventCountry "NET"]
[Source "Mark Crowther"]
[SourceDate "2020.12.21"]

1. d4 d5 2. Bf4 Nf6 3. e3 c5 4. Nf3 Nc6 5. Nbd2 cxd4 6. exd4 Qb6 7. Nb3 a5 8.
a4 Bg4 9. Bb5 e6 10. c3 Be7 11. h3 Bh5 12. Nc1 O-O 13. Nd3 Na7 14. g4 Nxb5 15.
gxh5 Nd6 16. Nfe5 Qa6 17. Qf3 Kh8 18. h6 g6 19. Bg5 Nde8 20. Nc5 Qd6 21. Nxb7
Qc7 22. Nc5 Kg8 23. Ncd7 Nxd7 24. Bxe7 Nxe5 25. Qg3 Qxe7 26. Qxe5 Qh4 27. O-O-O
Qxh6+ 28. f4 Ng7 29. Rdg1 Qh5 30. Rg5 Qf3 31. Rhg1 Rfc8 32. h4 Rab8 33. R5g3
Qf2 34. R3g2 Qxh4 35. f5 Nxf5 36. Rh2 Qe4 0-1

[Event "Titled Tuesday 2020.12.15"]
[Site "chess.com INT"]
[Date "2020.12.15"]
[Round "8"]
[White "Atanasov, Anthony"]
[Black "Rodchenkov, S."]
[Result "1/2-1/2"]
[WhiteElo "2144"]
[BlackElo "2346"]
[PlyCount "90"]
[EventDate "2020.12.15"]
[EventType "swiss (blitz)"]
[EventRounds "11"]
[EventCountry "NET"]
[Source "Mark Crowther"]
[SourceDate "2020.12.21"]

1. d4 Nf6 2. Bf4 b6 3. e3 Bb7 4. Nf3 g6 5. Nbd2 Bg7 6. Bd3 O-O 7. h4 h5 8. e4
d6 9. Bg5 Nbd7 10. e5 dxe5 11. dxe5 Ng4 12. e6 Nde5 13. Nxe5 Nxe5 14. exf7+
Rxf7 15. Be4 Bxe4 16. Nxe4 Nc4 17. Qe2 Nxb2 18. O-O Qd5 19. c3 Na4 20. Rad1 Qc6
21. Rd3 Raf8 22. Re3 b5 23. Re1 a6 24. Qc2 Qc4 25. Ng3 Rxf2 26. Qxg6 Qf7 27.
Qxf7+ R8xf7 28. Rxe7 Nxc3 29. Nxh5 Bd4 30. Kh2 Nd5 31. Rxf7 Kxf7 32. Ng3 c5 33.
Ne4 Rxa2 34. Nd6+ Kf8 35. h5 Bf6 36. Bh6+ Kg8 37. Rd1 Be5+ 38. Kh1 Bxd6 39. g3
Bxg3 40. Rxd5 Bf2 41. Kg2 Be3+ 42. Kh1 Bxh6 43. Rxc5 Bf8 44. h6 Bxc5 45. h7+
Kxh7 1/2-1/2

[Event "Titled Tuesday 2020.12.15"]
[Site "chess.com INT"]
[Date "2020.12.15"]
[Round "9"]
[White "Aloma Vidal, Robert"]
[Black "Atanasov, Anthony"]
[Result "1-0"]
[WhiteElo "2437"]
[BlackElo "2144"]
[PlyCount "181"]
[EventDate "2020.12.15"]
[EventType "swiss (blitz)"]
[EventRounds "11"]
[EventCountry "NET"]
[Source "Mark Crowther"]
[SourceDate "2020.12.21"]

1. e4 c5 2. c3 Nf6 3. e5 Nd5 4. Nf3 Nc6 5. d4 cxd4 6. cxd4 d6 7. Bc4 Nb6 8. Bb5
dxe5 9. Nxe5 Bd7 10. Nxd7 Qxd7 11. Nc3 a6 12. Bxc6 bxc6 13. O-O e6 14. Qg4 Nd5
15. Be3 h5 16. Qf3 Rb8 17. Rab1 Bd6 18. Ne4 O-O 19. Qxh5 Rb5 20. Ng5 Nf6 21.
Qh4 e5 22. Rfd1 exd4 23. Rxd4 Qf5 24. Rbd1 Be5 25. Rc4 Rxb2 26. Rxc6 Rb1 27.
Bc1 Rc8 28. g3 Bb2 29. Qc4 Rf8 30. h4 Ng4 31. Qc2 Qxc2 32. Rxc2 Bxc1 33. Rdxc1
Rxc1+ 34. Rxc1 Ne5 35. Rc5 f6 36. Ne6 Rb8 37. Rc2 Rb1+ 38. Kg2 Nd3 39. Rd2 Ne1+
40. Kh3 Nf3 41. Rd7 Kh8 42. Nxg7 Rb6 43. Nf5 Ng1+ 44. Kg2 Ne2 45. Re7 Nc3 46.
a3 Rb2 47. Re6 Nd1 48. Rxf6 Rxf2+ 49. Kh3 Kg8 50. Ne7+ Kg7 51. Rxf2 Nxf2+ 52.
Kg2 Ng4 53. Nd5 Ne5 54. Nc7 a5 55. Nd5 Nc4 56. a4 Nb2 57. Ne7 Nxa4 58. Nc6 Nc3
59. Nxa5 Nd5 60. Nc4 Kg6 61. Nd2 Kh5 62. Nf3 Kg4 63. Nh2+ Kh5 64. Kf3 Nf6 65.
Nf1 Ng4 66. Ne3 Ne5+ 67. Kf4 Nd3+ 68. Kf5 Nf2 69. Ng2 Kh6 70. g4 Nh3 71. Nf4
Nf2 72. g5+ Kg7 73. h5 Nd1 74. h6+ Kh7 75. Nd5 Nf2 76. Nf6+ Kh8 77. g6 Ng4 78.
Nxg4 Kg8 79. g7 Kh7 80. Nf6+ Kxh6 81. Ne8 Kh7 82. Kf6 Kg8 83. Nc7 Kh7 84. Kf7
Kh6 85. g8=Q Kh5 86. Qg6+ Kh4 87. Kf6 Kh3 88. Kf5 Kh2 89. Kf4 Kh1 90. Kf3 Kh2
91. Qg2# 1-0

[Event "Titled Tuesday 2020.12.15"]
[Site "chess.com INT"]
[Date "2020.12.15"]
[Round "10"]
[White "Atanasov, Anthony"]
[Black "Idrisova, R."]
[Result "1-0"]
[WhiteElo "2144"]
[BlackElo "1944"]
[PlyCount "109"]
[EventDate "2020.12.15"]
[EventType "swiss (blitz)"]
[EventRounds "11"]
[EventCountry "NET"]
[Source "Mark Crowther"]
[SourceDate "2020.12.21"]

1. d4 d5 2. Bf4 c6 3. e3 Bf5 4. Nf3 e6 5. c4 Nf6 6. Qb3 Qb6 7. c5 Qxb3 8. axb3
a6 9. b4 Nbd7 10. Nbd2 Rc8 11. Nb3 Nh5 12. Be5 Nxe5 13. Nxe5 f6 14. g4 fxe5 15.
gxf5 exf5 16. dxe5 f4 17. Bh3 Rc7 18. Nd4 g6 19. Ne6 Re7 20. exf4 Bh6 21. f5
gxf5 22. Bxf5 Ng7 23. Nxg7+ Rxg7 24. Rf1 Bf4 25. Ra3 Bxe5 26. Re3 Re7 27. b3
Bc3+ 28. Ke2 Rxe3+ 29. fxe3 Bxb4 30. Bc8 Bxc5 31. Bxb7 Kd7 32. Rf7+ Kd6 33.
Rf6+ Kc7 34. Rxc6+ Kxb7 35. Rxc5 Rd8 36. Kd3 Kb6 37. b4 Rd7 38. Kd4 Rg7 39.
Rxd5 Rg2 40. Rh5 Rg4+ 41. e4 Rg1 42. Rxh7 Kb5 43. Rb7+ Kc6 44. Rb8 Rh1 45. Rh8
Kb5 46. e5 Kxb4 47. Rb8+ Ka5 48. e6 Rxh2 49. e7 Rd2+ 50. Kc3 Re2 51. e8=Q Rxe8
52. Rxe8 Ka4 53. Rb8 a5 54. Rb1 Ka3 55. Ra1# 1-0

[Event "Americas-ch U12 Online"]
[Site "Tornelo INT"]
[Date "2020.12.02"]
[Round "1.2"]
[White "Atanasov, Anthony"]
[Black "Aprahamian, Tomas"]
[Result "1-0"]
[WhiteElo "2144"]
[BlackElo "1539"]
[PlyCount "93"]
[EventDate "2020.12.02"]
[EventType "swiss"]
[EventRounds "7"]
[EventCountry "NET"]

1. d4 e6 2. Bf4 d5 3. e3 Nf6 4. Nf3 c5 5. Nbd2 Nc6 6. c3 Be7 7. Bd3 a6 8. Ne5
c4 9. Bc2 Qb6 10. Rb1 Nd7 11. Ndf3 Bf6 12. e4 Ndxe5 13. dxe5 Be7 14. exd5 exd5
15. Qxd5 Be6 16. Qd2 Rd8 17. Qe2 Bc5 18. Ng5 Bd5 19. e6 fxe6 20. Nxe6 Bxe6 21.
Qxe6+ Kf8 22. Qf5+ Kg8 23. O-O g6 24. Qe6+ Kg7 25. b4 Bf8 26. Be5+ Nxe5 27.
Qxb6 Rd2 28. Qxb7+ Nf7 29. Be4 Bd6 30. Bd5 Rf8 31. Bxc4 Be5 32. Bxf7 Rxf7 33.
Qxa6 Bxc3 34. b5 Bd4 35. b6 Rfxf2 36. Rxf2 Rxf2 37. Kh1 Rf7 38. h3 Be5 39. b7
Bb8 40. g3 Rf2 41. Qb6 Rxa2 42. Qd4+ Kh6 43. Qe3+ Kg7 44. Qe7+ Kh6 45. Qf8+ Kg5
46. Qxb8 h5 47. Qf4# 1-0

[Event "Americas-ch U12 Online"]
[Site "Tornelo INT"]
[Date "2020.12.02"]
[Round "2.2"]
[White "Lopez Rayo, Santiago"]
[Black "Atanasov, Anthony"]
[Result "1-0"]
[WhiteElo "1952"]
[BlackElo "2144"]
[PlyCount "97"]
[EventDate "2020.12.02"]
[EventType "swiss"]
[EventRounds "7"]
[EventCountry "NET"]

1. e4 c5 2. Nf3 d6 3. d4 cxd4 4. Nxd4 Nf6 5. Nc3 a6 6. Bg5 Nbd7 7. f4 Qc7 8.
Qf3 h6 9. Bxf6 Nxf6 10. f5 Qc5 11. O-O-O g5 12. fxg6 Bg4 13. gxf7+ Kxf7 14. Qd3
Bxd1 15. Nxd1 Bg7 16. Nf5 Rac8 17. g3 Rc7 18. Bh3 Qe5 19. Rf1 Rd8 20. Nd4 Qh5
21. Qb3+ Ke8 22. Bf5 Rc5 23. Ne6 Rxf5 24. Rxf5 Qg6 25. Rf4 Rc8 26. Qa4+ b5 27.
Qxa6 Kd7 28. Qb7+ Kxe6 29. Qxc8+ Kf7 30. Qc6 Qg5 31. Qd5+ Qxd5 32. exd5 h5 33.
Rb4 Bh6+ 34. Kb1 Ng4 35. Rxb5 Nxh2 36. a4 Nf1 37. a5 Nxg3 38. a6 h4 39. Nf2 Be3
40. Nh3 Ne4 41. Ra5 Nd2+ 42. Ka2 Nc4 43. a7 Nxa5 44. a8=Q Nc4 45. Qa4 Ne5 46.
Qxh4 Ke8 47. Qe4 Bh6 48. Nf4 Bg5 49. Ng6 1-0

[Event "Americas-ch U12 Online"]
[Site "Tornelo INT"]
[Date "2020.12.02"]
[Round "3.6"]
[White "Atanasov, Anthony"]
[Black "Latorre, Vincent"]
[Result "0-1"]
[WhiteElo "2144"]
[BlackElo "1731"]
[PlyCount "56"]
[EventDate "2020.12.02"]
[EventType "swiss"]
[EventRounds "7"]
[EventCountry "NET"]

1. d4 Nf6 2. Bf4 d5 3. e3 c5 4. Nf3 Nc6 5. Nbd2 Qb6 6. dxc5 Qxb2 7. Rb1 Qc3 8.
Bb5 e6 9. O-O Be7 10. Ne5 Qxc5 11. c4 O-O 12. Nb3 Qb6 13. Bxc6 bxc6 14. Nd4 Qa6
15. Ndxc6 Bc5 16. Qf3 Bb7 17. Rb5 Bxc6 18. Rxc5 Rac8 19. Rc1 Ne4 20. Rxc6 Rxc6
21. Nxc6 Qxc6 22. c5 Rc8 23. Be5 f6 24. Bb2 Qb5 25. Bd4 e5 26. Qf5 Re8 27. c6
exd4 28. c7 Nd6 0-1

[Event "Americas-ch U12 Online"]
[Site "Tornelo INT"]
[Date "2020.12.02"]
[Round "4.10"]
[White "Medina, Joshua"]
[Black "Atanasov, Anthony"]
[Result "0-1"]
[WhiteElo "1287"]
[BlackElo "2144"]
[PlyCount "110"]
[EventDate "2020.12.02"]
[EventType "swiss"]
[EventRounds "7"]
[EventCountry "NET"]

1. e4 c5 2. Nf3 d6 3. d4 cxd4 4. Nxd4 Nf6 5. Nc3 a6 6. Be3 e6 7. Be2 Nbd7 8.
O-O b5 9. a3 Bb7 10. f3 Be7 11. Kh1 O-O 12. Qd2 Nb6 13. b3 d5 14. e5 Nfd7 15.
f4 b4 16. Nb1 a5 17. a4 Ba6 18. Nc6 Qe8 19. Bxb6 Nxb6 20. Nxe7+ Qxe7 21. Bxa6
Rxa6 22. Qe2 Ra7 23. Nd2 Qc5 24. Nf3 Rc7 25. Rac1 d4 26. Rfd1 Rd8 27. Qf2 Rcd7
28. Rd3 Nd5 29. Qxd4 Qc6 30. Qc4 Qxc4 31. bxc4 Nxf4 32. Rxd7 Rxd7 33. g3 Ne2
34. Re1 Nc3 35. Kg2 Kf8 36. Ng5 h6 37. Ne4 Nxe4 38. Rxe4 Rd2+ 39. Kh3 Rxc2 40.
Re1 Rxc4 41. Rb1 Ke7 42. Kg2 Rc5 43. Re1 Rc2+ 44. Kh3 Ra2 45. Kg4 Rxa4 46. Rb1
b3+ 47. Kf3 Rb4 48. Ke3 a4 49. Kd3 a3 50. Kc3 b2 51. Kxb4 a2 52. Rxb2 a1=Q 53.
Kb3 Qa5 54. Rc2 Qxe5 55. Ka2 Qd5+ 0-1

[Event "Americas-ch U12 Online"]
[Site "Tornelo INT"]
[Date "2020.12.02"]
[Round "5.8"]
[White "Atanasov, Anthony"]
[Black "Smart, Jaheim"]
[Result "1-0"]
[WhiteElo "2144"]
[BlackElo "1333"]
[PlyCount "71"]
[EventDate "2020.12.02"]
[EventType "swiss"]
[EventRounds "7"]
[EventCountry "NET"]

1. d4 Nf6 2. Bf4 d5 3. e3 c6 4. Nf3 Bf5 5. c4 e6 6. Qb3 Qc8 7. Nc3 Nbd7 8. cxd5
exd5 9. Rc1 Qd8 10. Qxb7 Qc8 11. Ba6 Nb6 12. Qxc8+ Bxc8 13. Bd3 Bb4 14. a3
Bxc3+ 15. Rxc3 Bd7 16. Bd6 Na4 17. Rc2 Nb6 18. Ne5 Nc8 19. Bc5 Ne7 20. Bxe7
Kxe7 21. Nxc6+ Kd6 22. Ne5 Ba4 23. Nxf7+ Kd7 24. Bf5+ Ke8 25. Rc7 Rf8 26. Nd6+
Kd8 27. Rxg7 Bc6 28. Ke2 Rb8 29. b4 a5 30. Rc1 Bd7 31. Bxd7 Nxd7 32. Rxh7 axb4
33. axb4 Nb6 34. Rcc7 Ra8 35. Nb7+ Ke8 36. Rce7# 1-0

[Event "Americas-ch U12 Online"]
[Site "Tornelo INT"]
[Date "2020.12.02"]
[Round "6.5"]
[White "Mendez, Andre"]
[Black "Atanasov, Anthony"]
[Result "0-1"]
[WhiteElo "1651"]
[BlackElo "2144"]
[PlyCount "74"]
[EventDate "2020.12.02"]
[EventType "swiss"]
[EventRounds "7"]
[EventCountry "NET"]

1. e4 c5 2. Nc3 d6 3. f4 Nc6 4. Nf3 Nf6 5. Bc4 e6 6. d3 Be7 7. O-O d5 8. Bb3 c4
9. Ba4 dxe4 10. dxe4 Bc5+ 11. Kh1 Qxd1 12. Nxd1 Nxe4 13. Re1 Nd6 14. Bxc6+ bxc6
15. Nc3 Nf5 16. g4 Ne7 17. Ne5 Bb7 18. Ne4 Bb4 19. c3 f5 20. cxb4 fxe4 21. Nxc4
O-O-O 22. Be3 h5 23. g5 Nf5 24. Rad1 Ba6 25. Ne5 Rxd1 26. Rxd1 Nxe3 27. Rd6 Bb7
28. Rxe6 Nd5 29. Ng6 Rd8 30. a3 e3 31. Kg2 c5 32. Kf1 cxb4 33. axb4 Kd7 34. Re5
Ba6+ 35. Ke1 Nxb4 36. Rxe3 Nc2+ 37. Kf2 Nxe3 0-1

[Event "Americas-ch U12 Online"]
[Site "Tornelo INT"]
[Date "2020.12.02"]
[Round "7.2"]
[White "Mardov, Dimitar"]
[Black "Atanasov, Anthony"]
[Result "1-0"]
[WhiteElo "2265"]
[BlackElo "2144"]
[PlyCount "79"]
[EventDate "2020.12.02"]
[EventType "swiss"]
[EventRounds "7"]
[EventCountry "NET"]

1. c4 Nf6 2. g3 g6 3. Bg2 d5 4. cxd5 Nxd5 5. Nc3 Nxc3 6. bxc3 Bg7 7. h4 h5 8.
Nh3 c6 9. d4 e5 10. Bb2 Qb6 11. Rb1 Bf5 12. e4 Bg4 13. Qd2 Qa6 14. f3 Be6 15.
Ng5 Bc4 16. f4 Nd7 17. fxe5 O-O-O 18. Qe3 Qxa2 19. Kf2 f6 20. exf6 Nxf6 21.
Bh3+ Kb8 22. Rhd1 Rhf8 23. Kg1 Rde8 24. e5 Nd5 25. Qd2 Qa5 26. Bf1 Nb6 27. Ra1
Qb5 28. Ba3 Rxf1+ 29. Rxf1 Bxf1 30. Bd6+ Ka8 31. Rxf1 Qd5 32. Qg2 Qc4 33. Qf3
Rc8 34. Ne4 Nd5 35. Bc5 Bh6 36. Nd6 Be3+ 37. Kh1 Qd3 38. Nxc8 b6 39. Nd6 Nf4
40. Qxc6+ 1-0

[Event "Charlotte Thanksgiving IM"]
[Site "Charlotte USA"]
[Date "2020.11.26"]
[Round "1.2"]
[White "Shlyakhtenko, Robert"]
[Black "Atanasov, Anthony"]
[Result "1/2-1/2"]
[WhiteElo "2370"]
[BlackElo "2144"]
[PlyCount "54"]
[EventDate "2020.11.26"]
[EventType "tourn"]
[EventRounds "9"]
[EventCountry "USA"]
[EventCategory "2"]
[Source "ChessMix"]
[SourceDate "2020.12.01"]

1. d4 Nf6 2. c4 g6 3. Nc3 d5 4. Nf3 Bg7 5. h4 c6 6. Bg5 dxc4 7. e4 Be6 8. e5
Nd5 9. h5 Nd7 10. h6 Bf8 11. Ne4 f6 12. Bd2 b5 13. a4 Bf5 14. Ng3 e6 15. Nxf5
exf5 16. axb5 cxb5 17. e6 N7b6 18. b3 Qc8 19. bxc4 Qxe6+ 20. Be2 bxc4 21. O-O
Kf7 22. Re1 Qd7 23. Qc2 Rc8 24. Ra5 Bb4 25. Rxd5 Nxd5 26. Bxb4 Nxb4 27. Bxc4+
Nd5 1/2-1/2

[Event "Charlotte Thanksgiving IM"]
[Site "Charlotte USA"]
[Date "2020.11.26"]
[Round "2.4"]
[White "Atanasov, Anthony"]
[Black "Li, Eric"]
[Result "1-0"]
[WhiteElo "2144"]
[BlackElo "2311"]
[PlyCount "135"]
[EventDate "2020.11.26"]
[EventType "tourn"]
[EventRounds "9"]
[EventCountry "USA"]
[EventCategory "2"]
[Source "ChessMix"]
[SourceDate "2020.12.01"]

1. d4 Nf6 2. Nf3 d5 3. e3 c5 4. Nbd2 e6 5. c3 Nc6 6. Bd3 Bd6 7. Qc2 b6 8. e4
dxe4 9. Nxe4 Bb7 10. Nxf6+ gxf6 11. dxc5 Bxc5 12. Bh6 f5 13. O-O-O Qc7 14. Bc4
Bd6 15. Bg5 Bf4+ 16. Kb1 Bxg5 17. Nxg5 Qf4 18. Qd2 Qxd2 19. Rxd2 Rg8 20. f4 Rd8
21. Rhd1 h6 22. Rxd8+ Nxd8 23. Bb5+ Bc6 24. Bxc6+ Nxc6 25. Nf3 Rxg2 26. b4 Rf2
27. Rd3 Ne7 28. c4 Ng6 29. Nd4 Nxf4 30. Ra3 Rd2 31. Nc6 Nd3 32. Rxa7 Rb2+ 33.
Ka1 Rc2 34. a4 Rxc4 35. b5 Kf8 36. Ka2 Nb4+ 37. Kb3 Rxc6 38. bxc6 Nxc6 39. Ra6
Ke7 40. Rxb6 Kd6 41. Kc4 Kc7 42. Kb5 Ne7 43. Kc5 f4 44. a5 Nd5 45. Rb3 Nf6 46.
a6 Nd7+ 47. Kd4 Nb8 48. Rb7+ Kc8 49. Rxf7 Nxa6 50. Ke5 Nc5 51. Kxf4 Kd8 52. Rh7
Ke8 53. Ke5 Nd7+ 54. Kd6 Nf6 55. Re7+ Kf8 56. Kxe6 Ne4 57. h4 Ng3 58. Rh7 h5
59. Kf6 Ne4+ 60. Kg6 Ng3 61. Rf7+ Kg8 62. Re7 Kf8 63. Re3 Nh1 64. Rf3+ Kg8 65.
Kh6 Ng3 66. Rxg3+ Kf7 67. Rg6 Ke7 68. Kxh5 1-0

[Event "Charlotte Thanksgiving IM"]
[Site "Charlotte USA"]
[Date "2020.11.27"]
[Round "3.3"]
[White "Andrianov, Nikolai"]
[Black "Atanasov, Anthony"]
[Result "1-0"]
[WhiteElo "2392"]
[BlackElo "2144"]
[PlyCount "99"]
[EventDate "2020.11.26"]
[EventType "tourn"]
[EventRounds "9"]
[EventCountry "USA"]
[EventCategory "2"]
[Source "ChessMix"]
[SourceDate "2020.12.01"]

1. d4 Nf6 2. Nf3 g6 3. Bf4 Bg7 4. e3 O-O 5. Be2 d6 6. h3 Nc6 7. O-O Nd7 8. c4
e5 9. Bh2 exd4 10. exd4 Qf6 11. Nc3 Nxd4 12. Nxd4 Qxd4 13. Nd5 c6 14. Ne7+ Kh8
15. Bxd6 Re8 16. Bg4 f5 17. Re1 Qxd1 18. Raxd1 Nf6 19. Bf3 Bd7 20. b4 a5 21. a3
g5 22. b5 g4 23. bxc6 bxc6 24. Bxc6 Bxc6 25. Nxc6 Rxe1+ 26. Rxe1 gxh3 27. gxh3
Ne4 28. Bf4 Rg8 29. Ne7 Bc3+ 30. Nxg8 Bxe1 31. Ne7 Bxf2+ 32. Kg2 Kg7 33. Nxf5+
Kf6 34. Nd6 Nxd6 35. Bxd6 Be1 36. a4 Ke6 37. Bf4 Kd7 38. Kf3 Kc6 39. Be3 Bb4
40. Ke4 Be7 41. Bf2 Kd6 42. Bb6 Kc6 43. Bxa5 Kc5 44. Kd3 Bf6 45. Bc3 Be7 46. a5
Kc6 47. Ke4 Bd8 48. a6 Be7 49. Bd4 Bd8 50. Ke5 1-0

[Event "Charlotte Thanksgiving IM"]
[Site "Charlotte USA"]
[Date "2020.11.27"]
[Round "4.3"]
[White "Atanasov, Anthony"]
[Black "Posthuma, Joshua"]
[Result "0-1"]
[WhiteElo "2144"]
[BlackElo "2339"]
[PlyCount "140"]
[EventDate "2020.11.26"]
[EventType "tourn"]
[EventRounds "9"]
[EventCountry "USA"]
[EventCategory "2"]
[Source "ChessMix"]
[SourceDate "2020.12.01"]

1. d4 Nf6 2. Bf4 b6 3. e3 Bb7 4. Nf3 g6 5. c4 Bg7 6. Nc3 d6 7. Be2 Nbd7 8. O-O
O-O 9. Qc2 Nh5 10. Bg5 h6 11. Bh4 g5 12. Nd2 gxh4 13. Bxh5 h3 14. g3 e5 15. Bf3
Bxf3 16. Nxf3 f5 17. Nh4 exd4 18. exd4 Bxd4 19. Ne2 Qf6 20. Nxd4 Qxd4 21. Rfe1
Ne5 22. Qe2 Qxc4 23. Qh5 Qg4 24. Qxh6 Rf7 25. f4 Nf3+ 26. Nxf3 Qxf3 27. Qxh3
Kg7 28. Qh4 Qg4 29. Qxg4+ fxg4 30. Kg2 Rh8 31. Re4 Rh5 32. Rc1 c5 33. Rh1 d5
34. Re6 d4 35. Rd1 Rd7 36. Re4 Kf6 37. b3 d3 38. h4 gxh3+ 39. Kh2 b5 40. g4
Rhd5 41. Kg3 Rc7 42. g5+ Kf7 43. f5 c4 44. bxc4 bxc4 45. Rh4 Kg8 46. f6 c3 47.
g6 Rg5+ 48. Kf4 Rxg6 49. Kf5 Rg3 50. Rb1 Rc5+ 51. Ke6 Re3+ 52. Kd6 Rf5 53. Rg1+
Kf7 54. Rh7+ Kxf6 55. Rh6+ Kf7 56. Rh7+ Ke8 57. Rb1 Rf6+ 58. Kd5 Rb6 59. Rg1
Re7 60. Rh8+ Kd7 61. Rgg8 Rd6+ 62. Kc4 c2 63. Rd8+ Kc6 64. Rc8+ Rc7 65. Rxc7+
Kxc7 66. Rh7+ Rd7 67. Rh5 c1=Q+ 68. Kb5 Qc6+ 69. Kb4 Rd4+ 70. Kb3 Qc4+ 0-1